000 00987njm a22002777a 4500
005 20100914152621.0
007 sd ammalaaahaa
008 100913t xxu||||| |||| 00| 0 hin d
028 _a45 NLP 1152
_bEMI
035 _aGR-03241
040 _aSED/VEN
100 _aBhosle, Asha
_91184
245 _aSajti hai yun hi mehfil /
_cby Asha Bhosle
_h[sound recording] :
246 _aसजती है यूँ ही महफ़िल / आशा भोसले द्वारा
260 _aDum Dum India
_bEMI
_c1980
300 _a1 sound disc [Gramophone record] :
_banalog, 33 1/3 rpm
_c12.5 in. (LP)
_fGramophone Record
500 _aBrief Record
500 _aRecord label :EMI, Red
505 _aSide 2 Sajna hai mujhe
600 _aBhosle, Asha
_919992
650 _aHindi film song
_xExcerpts
_zIndia
_919603
700 _919604
700 _919605
942 _2ddc
_cGR
999 _c46484
_d46484